Statistics for Re-casted Characters in Game of Thrones

Click here to take the quiz!

General Stats

  • This quiz has been taken 39 times
    (34 since last reset)
  • The average score is 5 of 9

Answer Stats

# of ActorsActorsCharacter% Correct
2Ed Skrein; Michiel HuismanDaario Naharis
100%
3Conan Stevens; Ian Whyte; Hafpor Julius BjornssonThe Mountain
78%
2Aimee Richardson; Nell Tiger FreeMyrcella Baratheon
63%
2Callum Wharry; Dean-Charles ChapmanTommen Baratheon
63%
2Struan Rodger; Max von SydowThree-Eyed Raven
44%
2David Michael Scott; Richard DormerBeric Dondarrion
41%
2Sarah MacKeever; Tara FitzgeraldSelyse Baratheon
37%
2Richard Brake; Vladimir FurdikThe Night King
37%
2Steven Blount; John StahlRickard Karstark
22%

Score Distribution

Percentile by Number Answered

Percent of People with Each Score

Your Score History

You have not taken this quiz since the last reset